000
00291nam a22001337a 4500
008
181010b xxu||||| |||| 00| 0 eng d
020
_a
9780534261481
041
_a
eng
080
_2
3rd
_a
658
100
_a
54
101
_a
LID
245
_a
Group Dynamics
_c
Forsyth,D.R
942
_2
udc
_c
BK
999
_c
49261
_d
49261